00594nam a22001457a 450000500170000000800410001702000230005804100080008108200160008911000500010524501460015526000330030130000150033450000990034920251012153602.0251012b |||||||| |||| 00| 0 eng d a9784861660221qhbk aeng a071.52bSYN aEdition SynapsebYokohama Archives of History aThe Japan Weekly Mailb: reprint series i: 1870 - 1899 ; part 3: 1880 - 1884cEdition Synapse in associated with Yokohama Archives of History aJapanbEdition Synapsec2006 a500b30 cm aV26 -- September to December 1880 ; V30 -- January to May 1882 ; V24 -- January to April 1880